عرض عادي عرض مارك
  • Navathe, Sham.

مدخل إسم شخص

عدد التسجيلات المستخدمة في: 7

001 - رقم الضبط

  • حقل الضبط: 5366

003 - معرف رقم الضبط

  • حقل الضبط: OSt

005 - تاريخ ووقت أخر عملية

  • حقل الضبط: 20111019153723.0

008 - عناصر بيانات ثابتة الطول

  • حقل تحكم ثابت الطول: 111019|||a|||||| | ||| d

040 ## - مصدر الفهرسة

  • هيئة الفهرسة الأصلية: OSt
  • وكالة الكتابة: OSt

100 ## - مدخل -- أسم شخص

  • إسم شخص: Navathe, Sham.

670 ## - بيانات المصدر موجوده

  • الاستشهاد بالمصدر: Work cat.: (OSt)0: Elmasri, Ramez. 5365, Fundamentals of database systems /, c2004.